Конфуций (Запис номер 159345)
[ съкратено ]
| 000 -Лидер | |
|---|---|
| Контролно поле с фиксирана дължина | nam a22 a 4500 |
| 003 - Код на организацията, давaща контролен номер | |
| Контролно поле | BLK |
| 005 - Дата и час на последна редакция | |
| Контролно поле | 20201014130058.0 |
| 008 - Елементи от данни с фиксирана дължина | |
| fixed length control field | 180410b bul|||||r ||||||| ||bul|| |
| 010 ## - Наследен системен номер | |
| LC control number | KNG00166459000 |
| 040 ## - Източник на каталожния запис | |
| Идентификатор на билиотеката - собственик на записа | BLK |
| 041 ## - Код за език | |
| Код за езика на текст/звукозапис или на отделно заглавие | Български |
| Код за езика КДБФ | Български |
| 072 #7 - Код за тематичната категория | |
| Код организация | bullib |
| Код за тематична категория | Ц |
| Текст | Редки и ценни |
| 080 ## - УДК | |
| Текстов определител УДК | Конфуцианство |
| УДК код - определител по УДК | 299.512 |
| УДК определител | (092) |
| УДК - код + определител | 299.512(092) |
| 080 ## - УДК | |
| Текстов определител УДК | Китайски мислител и философ |
| УДК код - определител по УДК | 929 Конфуций |
| УДК - код + определител | 929 Конфуций |
| 100 1# - Редна дума - Автор | |
| Автор | Лег, Джеймс |
| Авторска отговорност | първи автор |
| R(LIN) | 381542 |
| 139 ## - Редно поле | |
| Редна дума | Лег, Джеймс |
| Авторски знак | Конф - К 84 |
| 245 10 - Сведения за заглавието | |
| Заглавие | Конфуций |
| Редно поле (дума) | Джеймс Лег; * Джемс Ледже. |
| 257 ## - Страна на издаване | |
| Страна на създаване/издаване | Великобритания |
| 260 ## - Област на издателските данни | |
| Година на издаване | 1898 |
| Печатница | София : Ив. Г. Говедаров |
| Място на издаване, разпространение и проч. | София |
| 300 ## - Физическа характеристика | |
| Страници | 47 |
| Размери/Мащаб | 15 см |
| 380 ## - Жанр | |
| Жанр | Религия. Теология |
| 490 1# - СЕРИИ (Колекции) | |
| Име на серия | Велики мъже |
| 490 ## - СЕРИИ (Колекции) | |
| Име на серия | Колекция Редки и ценни издания |
| 9 (RLIN) | 435080 |
| 500 ## - Общи забележки | |
| Забележка | Загл. с. Конфуци и Мохамед. - Авт. е отбелязан Джемс Ледже |
| 600 14 - Име на лице, използвано като предмет | |
| За него / За нея | Конфуций |
| 9 (RLIN) | 82208 |
| 650 #4 - Допълнително описание по предмет – тема | |
| Основно описание – тема или топоним | Религии - Китай |
| 9 (RLIN) | 292719 |
| 650 #4 - Допълнително описание по предмет – тема | |
| Основно описание – тема или топоним | Философи, китайски |
| 9 (RLIN) | 279887 |
| 650 #4 - Допълнително описание по предмет – тема | |
| Основно описание – тема или топоним | Конфуций |
| 9 (RLIN) | 82208 |
| 653 ## - Ключова дума – ненормативна | |
| Ключова дума | китайски религии |
| 653 ## - Ключова дума – ненормативна | |
| Ключова дума | конфуцианство |
| 653 ## - Ключова дума – ненормативна | |
| Ключова дума | Конфуций |
| 659 ## - Тематичен бюлетин | |
| Тематичен бюлетин | Ц |
| 700 1# - Други автори (авторска отговорност) | |
| Лично име | Ледже, Джемс |
| Автороска отговорност (Описва отношението между автора и произведението) | * |
| 9 (RLIN) | 88186 |
| 852 ## - Местоположение | |
| Форматна сигнатура | Рб 898 |
| Фондова буква | Редки и ценни |
| 856 4# - Електронен адрес и достъп | |
| Електронен формат | pdf - файл |
| 856 4# - Електронен адрес и достъп | |
| Електронен формат | pdf - файл |
| 999 ## - СИСТЕМНИ КОНТРОЛНИ НОМЕРА | |
| Koha biblionumber | 159345 |
| Koha biblioitemnumber | 159345 |
| 942 ## - АРТИКУЛИ | |
| Вид на библиотечния материал | Книги |
| Скрит в OPAC | Не |
| Периодичен библиозапис | Да |
| 944 ## - СЪЗДАВАНЕ И РЕДАКЦИЯ на ЗАПИСА | |
| Създаване/Редакция | Създаване |
| Дата на регистрацията/редакция | 29.10.2014 |
| Служител, извършил регистрацията/редакцията | Наталия_Медовщикова |
| 944 ## - СЪЗДАВАНЕ И РЕДАКЦИЯ на ЗАПИСА | |
| Създаване/Редакция | Редакция |
| Дата на регистрацията/редакция | 13.11.2014 |
| Служител, извършил регистрацията/редакцията | Наталия_Медовщикова |
| 999 ## - СИСТЕМНИ КОНТРОЛНИ НОМЕРА | |
| Koha biblioitemnumber | 159345 |
| Код за отписване | Код за изгубен артикул | Източник на класификационната схема | Код за повреда | Коз за рестрикции | Код за отдаване | Артикулен № | Име на библиотеката - собственик | Име на библиотеката, в която се намира в момента | Статус (Текущо местоположение) | Дата на вписване в системата | Местоположение - отдел | Цена в лева | Инвентарен номер | Систематично азбучна сигнатура | Баркод | Номер на екземпляра | Цена в евро | Служебна бележка | Служебен тип на артикула |
|---|---|---|---|---|---|---|---|---|---|---|---|---|---|---|---|---|---|---|---|
| Не е изгубен | Universal Decimal Classification | Не е повреден | само за читалня | Специални фондове ( старопечатни, редки и ценни, фонд М. Арнаудов) | 266211 | Регионална библиотека "Любен Каравелов" Русе | Регионална библиотека "Любен Каравелов" Русе | Редки и ценни | 1958-01-01 | Редки и ценни | 0.09 | 11305/58 | Рб 898 | 900000036428 | 1 | 0.05 | Дост: Pk N: стар фонд Дата: 01.01.1958 Дата инв: 15.12.2016 Бележки инв: Рц2016 | Книги |